A pair of blue eyes /

Bibliographic Details
Main Author: Hardy, Thomas
Other Authors: Dalziel
Format: Book
Published: London: Penguin Group, 1998.
Subjects:
LEADER 00488cam a2200193 7i4500
001 0000017795
005 20151104090000.0
005 ##20151104121100.0
003 ##MY-KlINT
020 # # |a 0140435298  
039 # 9 |y 201511041211  |z VLOAD 
090 0 0 |a F   |b HAR 
100 1 # |a Hardy, Thomas 
245 1 2 |a A pair of blue eyes /   |c by Thomas Hardy. 
260 # # |a London:   |b Penguin Group,   |c 1998. 
300 # # |a 431p.:   |b ill.;   |c 20cm. 
650 # 0 |a Fiction  
650 # 0 |a English fiction  
700 0 # |a Dalziel,   |h Pamela